Statistiques concernant Pays d'Asie Du Sud :

Cliquez ici pour prendre le quiz!

Statistiques générales

  • Ce quiz a été pris 29 fois
  • Le résultat moyen est 7 sur 8

Statistiques - réponses

Hint Answer % Correct
4Inde
100%
2Bangladesh
89%
8Sri Lanka
86%
6Nepal
82%
3Bhoutan
79%
7Pakistan
79%
1Afghanistan
75%
5Maldives
71%

Distribution des résultats

Percentile par nombre de réponses

% des personnes avec chaque résultat

Votre développement - résultats

Vous n’avez pas pris ce quiz